Statistics for Largest Cities In Oklahoma

Click here to take the quiz!

General Stats

  • This quiz has been taken 53 times
  • The average score is 6 of 9

Answer Stats

Pop.City% Correct
643,648Oklahoma City
100%
401,800Tulsa
95%
122,843Norman
90%
108,303Broken Arrow
78%
91,950Edmond
63%
93,714Lawton
58%
61,523Moore
58%
57,308Midwest City
50%
50,122Enid
48%

Score Distribution

Percentile by Number Answered

Percent of People with Each Score

Your Score History

You have not taken this quiz